000
00315nam a2200133Ia 4500
008
240624s9999 xx 000 0 und d
041
_a
eng
082
_a
823 WAL
100
_a
WALLACE IRVING
245
_a
PRIZE
260
_c
2006
_a
Bangalore
_b
Master Mind Books
300
_a
773 : p. : cm. ; 17
365
_c
RS
_b
20
999
_c
14344
_d
14344